Математика: учебное пособие

מידע ביבליוגרפי
מחבר תאגידי: Казанский государственный технологический университет (КГТУ)
מחברים אחרים: Данилов Ю. М. (редактор), Журбенко Л. Н., Никонова Г. А., Никонова Н. В., Нуриева С. Н.
סיכום:Учебное пособие для студентов технических высших учебных заведений, обучающихся по программе бакалавров в соответствии с государственными образовательными стандартами высшего профессионального образования.
שפה:רוסית
יצא לאור: Москва, Инфра-М, 2006
סדרה:Высшее образование
נושאים:
פורמט: ספר
KOHA link:https://koha.lib.tpu.ru/cgi-bin/koha/opac-detail.pl?biblionumber=108689

MARC

LEADER 00000nam0a2200000 4500
001 108689
005 20231031115748.0
010 |a 5160026738 
035 |a (RuTPU)RU\TPU\book\117334 
090 |a 108689 
100 |a 20070124d2006 m y0rusy50 ca 
101 0 |a rus 
102 |a RU 
105 |a a j 001zy 
200 1 |a Математика  |e учебное пособие  |f Ю. М. Данилов [и др.]  |g КГТУ; под ред. Л. Н. Журбенко и Г. А. Никоновой 
210 |a Москва  |c Инфра-М  |d 2006 
215 |a 496 с.  |c ил. 
225 1 |a Высшее образование 
320 |a Библиогр.: с. 411. 
330 |a Учебное пособие для студентов технических высших учебных заведений, обучающихся по программе бакалавров в соответствии с государственными образовательными стандартами высшего профессионального образования. 
610 1 |a математика 
610 1 |a линейная алгебра 
610 1 |a аналитическая геометрия 
610 1 |a математический анализ 
610 1 |a дифференциальное исчисление 
610 1 |a функции одной переменной 
610 1 |a функции нескольких переменных 
610 1 |a интегральное исчисление 
610 1 |a дифференциальные уравнения 
610 1 |a комплексные числа 
610 1 |a векторный анализ 
610 1 |a числовые ряды 
610 1 |a функциональные ряды 
610 1 |a математическая физика 
610 1 |a теория вероятностей 
610 1 |a математическая статистика 
610 1 |a дискретная математика 
675 |a 51(075.8)  |v 3 
701 1 |a Данилов  |b Ю. М. 
701 1 |a Журбенко  |b Л. Н. 
701 1 |a Никонова  |b Г. А. 
701 1 |a Никонова  |b Н. В. 
701 1 |a Нуриева  |b С. Н. 
702 1 |a Журбенко  |b Л. Н.  |4 340 
702 1 |a Никонова  |b Г. А.  |4 340 
712 0 2 |a Казанский государственный технологический университет (КГТУ)  |c (1992- )  |2 stltpush  |3 (RuTPU)RU\TPU\col\224 
801 1 |a RU  |b 63413507  |c 20070124  |g PSBO 
801 2 |a RU  |b 63413507  |c 20150430  |g PSBO 
900 |a Математика 
942 |c BK 
952 |a 550000 
959 |a 3/20070122  |d 3  |e 179,90  |f АНЛ:1  |f ЧЗТЛ:1